Les 20 plus grandes villes de France sans la lettre A - Statistiques

Statistiques générales
  • Ce quiz a été pris 92 fois
  • Le résultat moyen est 15 sur 20
Statistiques - réponses
Numéro Rang original Ville % Correct
1 3 Lyon
100%
5 10 Lille
98%
3 5 Nice
98%
2 4 Toulouse
98%
6 11 Rennes
94%
12 26 Brest
92%
4 7 Montpellier
91%
15 31 Metz
85%
7 12 Toulon
84%
10 19 Grenoble
79%
9 17 Dijon
78%
11 21 Nîmes
78%
13 27 Tours
77%
8 13 Reims
76%
16 36 Rouen
69%
18 41 Mulhouse
65%
14 30 Limoges
62%
19 44 Tourcoing
43%
17 37 Montreuil
31%
20 46 Vitry-sur-Seine
13%
Aucun quiz correspondant
Distribution des résultats
% des personnes avec chaque résultat
Percentile par nombre de réponses
Votre historique - résultats
Vous n’avez pas pris ce quiz